| 000 | 00627nam a2200229Ia 4500 | ||
|---|---|---|---|
| 003 | OSt | ||
| 005 | 20220916111029.0 | ||
| 006 | a|||||r|||| 00| 0 | ||
| 007 | ta | ||
| 008 | 220915b |||||||| |||| 00| 0 eng d | ||
| 024 | _a123794 | ||
| 037 | _cTextbook | ||
| 040 |
_beng _aARTS _cARTS |
||
| 041 | _aeng | ||
| 082 | _aV63:21wM25, K2.1-.2 (906) | ||
| 100 | _aKruger Paul | ||
| 245 | 0 | _aMemoirs told by himself : four times president of the South African republic | |
| 260 | _c1902 | ||
| 650 | _aHISTORY | ||
| 942 |
_hV63:21wM25, K2.1-.2 (906) _cTB _2CC |
||
| 999 |
_c103918 _d103918 |
||